Quaderno di viaggio : comarche di Barcellona : proposte uniche ed esperienze indimenticabili comarche di Barcellona : proposte uniche ed esperienze indimenticabili
Descripción Física:
27 pàgines : il·lustracions ; 24 cm
Idioma:
Italian
MARC
| LEADER | 00000nam a2200000 a 4500 | ||
|---|---|---|---|
| 001 | 25329 | ||
| 003 | Arxiu | ||
| 005 | 20260324181102.0 | ||
| 008 | 220427b spa||||| |||| 00| 0 ita d | ||
| 017 | |a DL B 5732-2020 | ||
| 080 | |a FU-68-16 | ||
| 245 | |a Quaderno di viaggio : |b comarche di Barcellona : proposte uniche ed esperienze indimenticabili | ||
| 260 | |a Barcelona : |b Barcelona è molto di più ; Diputació de Barcelona |c 2020 | ||
| 300 | |a 27 pàgines : |b il·lustracions ; |c 24 cm | ||
| 650 | 0 | |a Cultura i lleure |z Barcelona (Província) |9 52671 | |
| 651 | 0 | |9 52676 |a Barcelona (Catalunya : Província) |v Guies | |
| 710 | 1 | |a Barcelona (Catalunya : Província). |b Diputació |9 52408 | |
| 710 | 2 | |a Barcellona è Molto di più |9 51686 |e Marca turística | |
| 942 | |2 udc |c ARXIU |n 1 | ||
| 952 | |0 0 |1 0 |4 0 |6 FU6816 |7 1 |9 61404 |a Arxiu |b Arxiu |d 2022-04-27 |l 0 |o FU-68-16 |p 25329 |r 2022-04-27 00:00:00 |w 2022-04-27 |y ARXIU | ||
| 999 | |c 81357 |d 81357 | ||